| 000 | 00523nam a22001937a 4500 | ||
|---|---|---|---|
| 008 | 150930b xxu||||| |||| 00| 0 eng d | ||
| 020 | _a0618393021 | ||
| 041 | 0 | _aeng | |
| 080 | _a339.138 | ||
| 100 | 1 | _aParasuraman, A. | |
| 245 | 1 | 0 |
_aMarketing research / _cA. Parasuraman, Dhruv Grewal, R. Krishnan. |
| 260 |
_aBoston : _bHoughton Mifflin, _c2004. |
||
| 300 |
_axxi, 643 f. : _bme il.; _c27 cm. |
||
| 650 | 0 | _aMarketing | |
| 650 | 0 | _aHulumtim | |
| 700 | 1 | _aGrewal, Dhruv. | |
| 700 | 1 | _aKrishnan, R. | |
| 942 |
_2udc _cBK |
||
| 999 |
_c1193 _d1193 |
||